<?xml version="1.0" encoding="UTF-8"?>
<collection xmlns="http://www.loc.gov/MARC21/slim">
<record>
  <controlfield tag="001">170084</controlfield>
  <controlfield tag="005">20260318155254.0</controlfield>
  <datafield tag="024" ind1="7" ind2=" ">
    <subfield code="2">doi</subfield>
    <subfield code="a">10.1108/MEDAR-04-2025-2982</subfield>
  </datafield>
  <datafield tag="024" ind1="8" ind2=" ">
    <subfield code="2">sideral</subfield>
    <subfield code="a">148645</subfield>
  </datafield>
  <datafield tag="037" ind1=" " ind2=" ">
    <subfield code="a">ART-2026-148645</subfield>
  </datafield>
  <datafield tag="041" ind1=" " ind2=" ">
    <subfield code="a">eng</subfield>
  </datafield>
  <datafield tag="100" ind1=" " ind2=" ">
    <subfield code="a">Scarpellini, Sabina</subfield>
    <subfield code="u">Universidad de Zaragoza</subfield>
    <subfield code="0">(orcid)0000-0001-7077-5352</subfield>
  </datafield>
  <datafield tag="245" ind1=" " ind2=" ">
    <subfield code="a">Circular accounting practices for the Spanish waste sector: an approach from the stakeholders’ theoretical framework in a circular economy</subfield>
  </datafield>
  <datafield tag="260" ind1=" " ind2=" ">
    <subfield code="c">2026</subfield>
  </datafield>
  <datafield tag="520" ind1="3" ind2=" ">
    <subfield code="a">Purpose – This study aims to extend our knowledge of environmental accounting practices related to the circular economy (CE). This study expands knowledge of environmental accounting practices related to the CE, a topic still in its early stages of research from a stakeholders’ perspective. Design/methodology/approach – Thirty-one Spanish waste companies are surveyed on their circular accounting practices associated with CE activities and the influence of relevant stakeholders. Partial least squares structural equation modeling is used to analyze the relationships among these main constructs. Findings – Using unpublished definitions of a set of accounting practices related to the CE and an analysis of their company implementation, this study empirically demonstrates the central role of stakeholders in both the adoption of the CE and the development of circular accounting practices. Practical implications – This study provides a novel definition and measurement of accounting practices for the CE in the waste sector, along with key accountability indicators. Practitioners can align sustainability accounting with sector-specific circular actions and stakeholder expectations. Accountants, chief financial officers and managers can apply the results to measure and report CE-related impacts in alignment with primary stakeholders. Social implications – Circular accounting enhances transparency, accountability and stakeholder trust, thereby reinforcing the role of waste management companies in promoting a more sustainable and equitable economic model. Originality/value – The results prompt debate on the impact of CE on the transformation of accounting systems in companies adopting circular practices or principles, especially during their initial CE implementation. Notably, this study offers novel insights from an underresearched yet critical sector and national context, drawing on survey data to illustrate how accounting systems are only being partially adapted
to emerging circularity and sustainability reporting requirements.</subfield>
  </datafield>
  <datafield tag="506" ind1="0" ind2=" ">
    <subfield code="a">Access copy available to the general public</subfield>
    <subfield code="f">Unrestricted</subfield>
  </datafield>
  <datafield tag="536" ind1=" " ind2=" ">
    <subfield code="9">info:eu-repo/grantAgreement/ES/AEI/PID2023-146084OB-I00</subfield>
    <subfield code="9">info:eu-repo/grantAgreement/ES/DGA/S33-23R</subfield>
  </datafield>
  <datafield tag="540" ind1=" " ind2=" ">
    <subfield code="9">info:eu-repo/semantics/openAccess</subfield>
    <subfield code="a">by-nc</subfield>
    <subfield code="u">https://creativecommons.org/licenses/by-nc/4.0/deed.es</subfield>
  </datafield>
  <datafield tag="655" ind1=" " ind2="4">
    <subfield code="a">info:eu-repo/semantics/article</subfield>
    <subfield code="v">info:eu-repo/semantics/acceptedVersion</subfield>
  </datafield>
  <datafield tag="700" ind1=" " ind2=" ">
    <subfield code="a">Kuba-Khoury, Víctor</subfield>
    <subfield code="u">Universidad de Zaragoza</subfield>
    <subfield code="0">(orcid)0009-0005-3535-038X</subfield>
  </datafield>
  <datafield tag="700" ind1=" " ind2=" ">
    <subfield code="a">Aranda-Usón, Alfonso</subfield>
    <subfield code="u">Universidad de Zaragoza</subfield>
    <subfield code="0">(orcid)0000-0001-6673-4945</subfield>
  </datafield>
  <datafield tag="710" ind1="2" ind2=" ">
    <subfield code="1">4002</subfield>
    <subfield code="2">230</subfield>
    <subfield code="a">Universidad de Zaragoza</subfield>
    <subfield code="b">Dpto. Contabilidad y Finanzas</subfield>
    <subfield code="c">Área Economía Finan. y Contab.</subfield>
  </datafield>
  <datafield tag="773" ind1=" " ind2=" ">
    <subfield code="g">(2026), 1-27</subfield>
    <subfield code="p">Meditari Account. Res.</subfield>
    <subfield code="t">Meditari Accountancy Research</subfield>
    <subfield code="x">2049-372X</subfield>
  </datafield>
  <datafield tag="856" ind1="4" ind2=" ">
    <subfield code="s">991711</subfield>
    <subfield code="u">http://zaguan.unizar.es/record/170084/files/texto_completo.pdf</subfield>
    <subfield code="y">Postprint</subfield>
  </datafield>
  <datafield tag="856" ind1="4" ind2=" ">
    <subfield code="s">1683705</subfield>
    <subfield code="u">http://zaguan.unizar.es/record/170084/files/texto_completo.jpg?subformat=icon</subfield>
    <subfield code="x">icon</subfield>
    <subfield code="y">Postprint</subfield>
  </datafield>
  <datafield tag="909" ind1="C" ind2="O">
    <subfield code="o">oai:zaguan.unizar.es:170084</subfield>
    <subfield code="p">articulos</subfield>
    <subfield code="p">driver</subfield>
  </datafield>
  <datafield tag="951" ind1=" " ind2=" ">
    <subfield code="a">2026-03-18-13:51:52</subfield>
  </datafield>
  <datafield tag="980" ind1=" " ind2=" ">
    <subfield code="a">ARTICLE</subfield>
  </datafield>
</record>
</collection>